Miracle in motion : the story of america's industry (Record no. 437565)

000 -LEADER
fixed length control field 00371cam a22001217a 4500
008 - FIXED-LENGTH DATA ELEMENTS--GENERAL INFORMATION
fixed length control field 180718b1955 xxu||||| |||| 00| 0 eng d
082 ## - DEWEY DECIMAL CLASSIFICATION NUMBER
Classification number T2x73 Sh64
100 ## - MAIN ENTRY--PERSONAL NAME
Personal name Shippen, Katherine B.
245 ## - TITLE STATEMENT
Title Miracle in motion : the story of america's industry
Statement of responsibility, etc. by Katherine B. Shippen
260 ## - PUBLICATION, DISTRIBUTION, ETC.
Place of publication, distribution, etc. New York
Name of publisher, distributor, etc. Harper
Date of publication, distribution, etc. 1955
300 ## - PHYSICAL DESCRIPTION
Extent 150p.
650 ## - SUBJECT ADDED ENTRY--TOPICAL TERM
Topical term or geographic name entry element Industries --United States
Holdings
Withdrawn status Lost status Damaged status Not for loan Permanent Location Current Location Date acquired Full call number Barcode Date last seen Price effective from Koha item type
        Indian Institute of Public Administration Indian Institute of Public Administration 2010-03-23 T2x73 Sh64 15532 2018-07-21 2018-07-21 Book

Powered by Koha